Ekologické aspekty v cestovnom ruchu a možnosti ich podpory bakalárska práca

Salvato in:
Dettagli Bibliografici
Autore principale: Cheben, Dominik
Ente Autore: Obchodná fakulta EU. Katedra služieb a cestovného ruchu - zrušené
Altri autori: Litomerický, Juraj
Natura: Libro
Lingua:slovacco
Pubblicazione: Bratislava 2018
Tags: Aggiungi Tag
Nessun Tag, puoi essere il primo ad aggiungerne!!

MARC

LEADER 00000nbm a2200000 4500
001 0245116
005 20180906133429.4
041 0 |a slo 
044 |a SK 
245 1 0 |a Ekologické aspekty v cestovnom ruchu a možnosti ich podpory  |b bakalárska práca  |c Dominik Cheben ; školiteľ: Juraj Litomerický 
264 1 |a Bratislava  |c 2018 
300 |a 47 s. 
100 1 |a Cheben, Dominik 
700 1 |a Litomerický, Juraj 
710 2 |a Obchodná fakulta EU. Katedra služieb a cestovného ruchu - zrušené